Litauisch-jüdische Beziehungen
| Titel: | Litauisch-jüdische Beziehungen : Schuldmotive in der litauischen Literatur des 20. Jahrhunderts (anhand der Erzählung "Hering" von Vincas Krėvė und der Novelle "Isaak" von Antanas Škėma) |
|---|---|
| Verfasser: | |
| In: |
Von Kaunas bis Klaipėda, (2007), Seite 187-204 alle Artikel anzeigen |
| Veröffentlicht: | 2007 |
| Format: | Aufsatz |
| Sprache: | Deutsch |
X
alg: 39253006 001A $01999:11-11-16 001B $01999:17-05-21 $t20:33:46.000 001D $01999:11-11-16 001U $0utf8 001X $00 002@ $0Aox 003@ $0392530066 007A $0392530066 $aHEB 007T $0Herdc0064974m 010@ $ager 011@ $a2007 021A $aLitauisch-jüdische Beziehungen $dSchuldmotive in der litauischen Literatur des 20. Jahrhunderts (anhand der Erzählung "Hering" von Vincas Krėvė und der Novelle "Isaak" von Antanas Škėma) 028A $aEidukevičienė $dRūta 031A $h187-204 $j2007 039B $aIn $8--Aau--. Von Kaunas bis Klaipėda. - Fernwald : Litblockín, 2007. - 242 S. $x200700000000000813 $9200097687 045F $a800 $eDDC23BSB 045F/01 $a800 045F/03 $g4793 lok: 39253006 78 exp: 39253006 78 1 #EPN 201B/01 $019-04-17 $t11:20:27.000 201U/01 $0utf8 203@/01 $078862802X 208@/01 $a11-11-16 $be 209A/01 $a/ $f000 $x00 220C/01 $aTitelaufnehmer: kk 220C/01 $aHerkunft: HI Marburg 244Z/01 $2Trx $#Litauen $#Lithuania $#Litwa $#Litva $#Litva $8--Trx--Lietuva $x01 $9391193457 244Z/01 $aGeschichte 1918-1961 $x02 244Z/01 $2Trx $#Krėvė, Vincas $8--Trx--Krėvė-Mickevičius, Vincas$Z1882-1954 $x03 $9390837628 244Z/01 $2Trx $8--Trx--Škėma, Antanas$Z1911-1961 $x04 $9391115383 244Z/01 $2Trx $#suhted, Juudi-Leedu $#santykiai, lietuvių ir žydų $#relations, Jewish-Lithuanian $#kapcsolatok, litván-zsidó $#stosunki litewsko-żydowskie $#vzťahy litovsko-židovské $#vztahy litevsko-židovské $8--Trx--Beziehungen, jüdisch-litauische $x05 $9391377078 244Z/01 $2Trx $#kirjandus, Leedu $#literatūra, lietuvių $#Literature, Lithuanian $#irodalom, litván $#literatura litewska $#literatúra litovská $#literatura litevská $8--Trx--Literatur, litauische $x06 $9391366661 244Z/01 $2Trx $#eksiilkirjandus $#literatūra, emigrantų $#Literature of exile $#számüzetés irodalma $#literatura emigracyjna $#literatúra exilová $#literatura exilová $8--Trx--Exilliteratur $x07 $9391364995 244Z/01 $2Trx $#kaupmehed $#pirkliai $#merchants $#üzletemberek $#kupcy $#kupci $#kupci $8--Trx--Kaufleute $x08 $9391367129 244Z/01 $2Trx $#stereotüübid $#stereotipai $#Stereotypes $#sztereotipiák $#stereotypy $#stereotypy $#stereotypy $#Imagologie $#Fremdwahrnehmung $#Fremdenwahrnehmung $#imagologia $#imagológia $#imagologie $8--Trx--Stereotype $x09 $9391366254 244Z/01 $2Trx $#Holokaust 1941-1945 $#Holokaustas 1941-1945 $#Holocaust 1941-1945 $#holocaust 1941-1945 $#holokaust 1941-1945 $#holokaust 1941-1945 $#holokaust 1941-1945 $#Shoah $#Judenvernichtung $#shoah $#shoah $#šoa $8--Trx--Holocaust$g1941-1945 $x10 $9391361090 244Z/01 $2Trx $#kollaboratsioon $#kolaboravimas $#collaboration $#kollaboráció $#kolaboracja $#kolaborácia $#kolaborace $8--Trx--Kollaboration $x11 $9391358146 244Z/01 $2Trx $8--Trx--Einzelbeiträge $x12 $9391384570 245Z/01 $a11.08 $x01 247C/01 $82080>Marburg/Lahn, Herder-Institut, Forschungsbibliothek, Bibliographieportal $9336309341
| LEADER | 00000caa a22000002c 4500 | ||
|---|---|---|---|
| 001 | 392530066 | ||
| 003 | DE-603 | ||
| 005 | 20210517203346.0 | ||
| 007 | tu | ||
| 008 | 161111s2007 xx |||| | u00||u|ger c | ||
| 035 | |a (DE-599)HEB392530066 | ||
| 040 | |a DE-603 |b ger |c DE-603 |d DE-603 | ||
| 041 | |a ger | ||
| 082 | 0 | 4 | |8 1\u |a 800 |q DE-101 |2 23/BSB |
| 085 | |8 1\u |b 800 | ||
| 085 | |8 1\u |z 2 |s 4793 | ||
| 100 | 1 | |a Eidukevičienė, Rūta | |
| 245 | 0 | 0 | |a Litauisch-jüdische Beziehungen |b Schuldmotive in der litauischen Literatur des 20. Jahrhunderts (anhand der Erzählung "Hering" von Vincas Krėvė und der Novelle "Isaak" von Antanas Škėma) |
| 264 | 0 | |c 2007 | |
| 773 | 0 | 8 | |i In |t Von Kaunas bis Klaipėda |d Fernwald : Litblockín, 2007 |h 242 S., 21 cm |g (2007), Seite 187-204 |w (DE-603)200097687 |
| 924 | 0 | |9 2080 |a (DE-603)78862802X |b DE-2080 |c HES |d d |g / | |


